Quizzes
Events
Quiz Creation
Community
Videos
Private Events
Remove Ads
Sign In
Join for FREE
Feedback
Dark Mode
Quiz Categories
Sports
Geography
Music
Movies
Television
Just For Fun
Miscellaneous
History
Literature
Language
Science
Gaming
Entertainment
Religion
Holiday
For Kids
Quiz Lab
Recent
Popular Today
Quiz Kudos Today
Editor Picks
Curator Picks
Quizzes by...
Day
Popularity
Type
Ratings
Length
Year
Community
Subscriptions
Recent Discussions
Orange Saloon
Badges
Playlists
Quests
Create
Leaderboards
Showdown
Live 5
Trivia Bingo
Activity
Puzzle Library
Sporcle Events
Private Events
Virtual Trivia
Globe League
Become a Host
Pub Owners
SporcleCon
Opinionation
Our Games
Videos
Blog
Mobile Apps
Partnerships
Remove Ads and Go Orange
Feedback
Music
Pop Music
The Beatles
Song
Album
Lyrics
Bands
Singers
Artist
Clip
Rock
Rap
Classical
Billboard
Country Music
Kpop
Taylor Swift
Music
Pop Music
The Beatles
Song
Album
Lyrics
Bands
Singers
Artist
Clip
Rock
Rap
Classical
Billboard
Country Music
Kpop
Taylor Swift
Random Quiz
Search Sporcle
×
Quiz Lab
Quiz Lab
Music
Lyrics
Type in answers that appear in a list
Type in answers that appear in a list
Classic
Best Score? Go Orange.
Figure out the MCR lyrics Stats
Can you figure out the lyrics of this MCR song (no hints)?
By
5Alpha_reductase
12m
240 Questions
1,089 Plays
1,089 Plays
1,089 Plays
Comments
Comments
Give Quiz Kudos
Give Quiz Kudos
-
- Ratings
hide this ad
Replay
Link that replays current quiz
Next Quiz
Link to next quiz in quiz playlist
You Got
0%
They Got
Avg Score
65%
Avg Friend Score
Upgrade to see
Score Distribution
Jump to the score distribution portion of the page
Score
0/240
Timer
12:00
1
Play Today
Lyrics
% Correct
I
97.1%
I
97.1%
I
97.1%
I
97.1%
I
97.1%
I
97.1%
I
97.1%
I
97.1%
I
97.1%
I
97.1%
I
97.1%
a
93.2%
a
93.2%
a
93.2%
a
93.2%
a
93.2%
the
91%
the
91%
the
91%
you
91%
you
91%
the
91%
the
91%
you
91%
the
91%
the
91%
you
91%
you
91%
the
91%
You
91%
you
91%
you
91%
you
91%
you
91%
we
87.1%
we
87.1%
we
87.1%
we
87.1%
we
87.1%
We
87.1%
Oh
86.1%
me
80.9%
me
80.9%
me
80.9%
me?
80.9%
and
80.3%
and
80.3%
and
80.3%
and
80.3%
to
79.4%
to
79.4%
your
79%
your
79%
Your
79%
your
79%
your
79%
do
78.4%
Do
78.4%
So
75.9%
So
75.9%
so
75.9%
So
75.9%
So
75.9%
so
75.9%
So
75.9%
go
74.5%
go
74.5%
go
74.5%
If
74.2%
If
74.2%
If
74.2%
no
73.8%
in
73.7%
in
73.7%
on
72.8%
on
72.6%
on
72.6%
on
72.6%
on
72.6%
it
71.8%
Lyrics
% Correct
it
71.8%
be
71.6%
Can
71.3%
can
71.3%
can
71.3%
they
70.7%
Well
69.8%
Well
69.8%
Well
69.8%
is
68.4%
This
67.2%
this
67.2%
this
67.2%
this
67.2%
(You're
66.8%
You're
66.8%
You're
66.8%
never
66.5%
never
66.5%
never
66.5%
never
66.5%
don't
66%
don't
66%
of
65.7%
have
65%
have
65%
have
65%
were
64.7%
were
64.7%
were
64.7%
how
63.6%
I'm
63.6%
how
63.6%
how
63.6%
I'm
63.6%
I'd
63.5%
I'd
63.5%
I'd
63.5%
like
63.2%
Like
63.2%
say
63.1%
say
63.1%
say
63.1%
say
63.1%
live
63%
live
63%
live
63%
here
62.7%
here,
62.7%
here
62.7%
here,
62.7%
did
62.3%
did
62.3%
are
62.3%
are
62.3%
did
62.3%
life
62.2%
life
62.2%
life
62.2%
all
61.2%
all?
61.2%
for
60.6%
come
60.2%
come
60.2%
ever
59.4%
ever
59.4%
than
59%
than
59%
than
59%
than
59%
than
59%
but
58.5%
But
58.5%
But
58.5%
more
58.2%
more
58.2%
more
58.2%
more
58.2%
more
58.2%
miss
57.8%
Lyrics
% Correct
miss
57.8%
miss
57.8%
yesterday
57.7%
yesterday
57.7%
yesterday
57.7%
fear
57.6%
fear
57.6%
fear
57.6%
way
57.3%
way
57.3%
or
56.4%
that
56.3%
at
56.2%
down
54.5%
(What'd
54.1%
murder
53.4%
scene
53.4%
'Cause
53.2%
care
53.1%
care
53.1%
up
52.7%
'cause
52.2%
outta
52.1%
away
51.7%
away
51.7%
wanted
51.3%
look
51.2%
from
51.1%
our
50.7%
show
50.4%
show
50.4%
far
50.1%
far
50.1%
New
49.7%
words
49.1%
words
49.1%
took
48.9%
mean
48.8%
mean
48.8%
train
48.5%
settle
48.4%
Orleans
48.3%
made
48.2%
made
48.2%
score?
48.1%
street
47.9%
baby
47.8%
best
47.8%
dress
47.8%
pretty
47.8%
walking
47.2%
own?
47%
damn
46.6%
sound!
46.3%
comes
46%
things
45.4%
shot
44.9%
lives
44.9%
full
44.8%
sharpest
44%
beautiful!)
43.7%
young
43.6%
mess
43%
there's
41.1%
dreams
40.9%
hair
40.8%
hopeless
40.6%
ephedrine
38.9%
day
38.6%
squad
37.6%
call
37.6%
every
36.7%
firing
36.7%
guy!)
36.1%
kissing
35.2%
wreck
31.8%
total
31.2%
almost
31%
Some
31%
might
27%
Quiz Playlist
Details
Report
Send in Message
Add To Playlist
Classic:
Type in answers that appear in a list
Last Updated: Jun 4, 2017
Quiz Scoreboard
CHALLENGE
Sign Up to Join the Scoreboard
Show All
Scores
Hide
Comments
May contain spoilers
Recently Published
Presidents Visiting Landmarks
by Hejman
History
7m
An Introduction to Baseball
by treessimontrees
Sports
5m
Movies - When Are They Set?
by FPL_Elf
Movies
5m
More to Explore
Quiz From the Vault
Featured Blog Post
Where Did the Easter Bunny Come From?
hide this ad
You Might Also Like...
Tags
Lyrics Quiz
Figure Out the Lyrics
mcr
My Chemical Romance
Today's Top Quizzes in Music
Browse Music
hide this ad
Today's Top Quizzes in Lyrics
Browse Lyrics
Top Contributed Quizzes in Music
1
Taylor Swift All Songs (2024)
2
Guess the Artist- 70s Songs
3
Taylor Swift Logic Puzzle
4
KPOP LOGIC QUIZ
5
One Thing in Common: Music
6
2010s Album by Cover III
7
7-to-1: Billboard Hot 100 #1 Hits of 2010s
8
Guess the Taylor Swift song (Mystery Song)
9
Sorting Albums and Songs
10
2000s Album Cover Bunker
Explore More
Trending Topics
Anime
Harry Potter
Crossword
Marvel
Kpop
Disney
NBA
Soccer
Puzzle
The Office
WWE
Country
NFL
Song
Pokémon
hide this ad
More By:
5Alpha_reductase
Quiz
Plays
Rating
Category
Featured
Created
Figure out the MCR lyrics
1,089
4.40
Music
Jun 4, 2017
Amino acid degradation
604
3.00
Science
Feb 5, 2016
The Urea Cycle
585
4.00
Science
Feb 5, 2016
Aerobic respiration
452
5.00
Science
Apr 23, 2015
Go to Creator's Profile
Score Distribution
Quiz Creator Spotlight
5Alpha_reductase
Follow
Send a Message
Quizzes Created
-
Created Quiz Play Count
-
More By This Creator
Popular Quizzes Today
1
Find the US States - No Outlines Minefield
2
Find the Countries of Europe - No Outlines Minefield
3
The Countries of the World
4
Find the US States
5
Popular People in 1961
6
US States
7
Risky Map Clicking: Biggest States A-Z
8
1-10 Letter E Words III
More Music Quizzes
2016 Number 1 Singles by Lyrics
Quiz Lab
Trending Quizzes
Risky Map Clicking: Least Populous States A-Z
1-10 Letter G Words
1-10 Letter F Words
One Thing in Common: United Kingdom
Risky Map Clicking: Next State Alphabetically
Recently Updated
Leaping Animals
pecheneg
Reality TV Shows (A-Z)
bhenderson79
Rickey Henderson's Hall of Fame Teammates
pecheneg
Champions League XIs: Arsenal
pecheneg
Quick Pick: Celebrities in WWE's Hall of Fame
aduchscher
A-Z Keypad Blitz II
pecheneg
Multiple Oscar Actors
pecheneg
Mystery Phrase Blitz: Oscar 'Best Actors'
pecheneg
F. Scott Fitzgerald Novels
LTH
Pick 3 Villains
ddd62291
Trending Topics
Disney
Crossword
Kpop
Marvel
Anime
NBA
Harry Potter
Pokémon
The Office
Song
Country
Soccer
Puzzle
WWE
NFL
Your Account Isn't Verified!
In order to create a playlist on Sporcle, you need to verify the email address you used during registration. Go to your
Sporcle Settings
to finish the process.
Report this User
Report this user for behavior that violates our
Community Guidelines
.
Details:
Send Report
Go to the Sporcle.com Mobile Site →
Comments